Oceans

Bibliographic Details
Main Author: Palmer, Joy
Format: Book
Published: London : Franklin Watts , 1991
Subjects:

MARC

LEADER 00000cam a2200000 7i4500
001 0000001255
002 000001384
005 20011016.0
020 |a 0749605723 
090 0 0 |a 030   |b PAL 
100 1 |a Palmer, Joy 
245 1 0 |a Oceans   |c Joy Palmer 
260 |a London :   |b Franklin Watts ,   |c 1991 
300 |a 32p. ;   |c 22cm. 
650 0 0 |a Oceans   |x Juvenile literature 
999 |a 031014   |b BUKU   |c JUNIOR REFERENCE   |e PERPUSTAKAAN KOMUNITI PETALING JAYA